Loading...
| Current Events | 2 | 5.00 | 50% | 0% | 0% |
| Fine Arts - Classical Music | 8 | 8.75 | 75% | 13% | 0% |
| Fine Arts - Other | 4 | 10.00 | 50% | 50% | 0% |
| Fine Arts - Painting & Sculpture | 8 | 13.75 | 75% | 63% | 0% |
| Geography | 3 | 10.00 | 67% | 33% | 0% |
| History - American | 6 | 13.33 | 83% | 33% | 17% |
| History - European | 11 | 7.27 | 55% | 18% | 0% |
| History - Other | 8 | 11.25 | 75% | 38% | 0% |
| History - World | 7 | 14.29 | 86% | 57% | 0% |
| Literature - American | 9 | 16.67 | 100% | 67% | 0% |
| Literature - British | 6 | 11.67 | 83% | 33% | 0% |
| Literature - European | 6 | 13.33 | 83% | 33% | 17% |
| Literature - World | 9 | 11.11 | 78% | 33% | 0% |
| Mythology | 2 | 10.00 | 100% | 0% | 0% |
| Other Academic | 3 | 16.67 | 100% | 33% | 33% |
| Philosophy | 9 | 12.22 | 78% | 33% | 11% |
| Religion | 10 | 10.00 | 70% | 30% | 0% |
| Science - Biology | 7 | 14.29 | 100% | 29% | 14% |
| Science - Chemistry | 6 | 15.00 | 100% | 50% | 0% |
| Science - Other | 11 | 11.82 | 73% | 46% | 0% |
| Science - Physics | 9 | 14.44 | 100% | 44% | 0% |
| Social Science | 7 | 11.43 | 100% | 14% | 0% |